| 000 | 00585nam a2200193I 4500 | ||
|---|---|---|---|
| 999 |
_c4443 _d4443 |
||
| 001 | 6267982 | ||
| 003 | OSt | ||
| 005 | 20181205183652.0 | ||
| 008 | 800501s1964 caua 000 0 eng d | ||
| 040 |
_aVZK _cVZK _dBSC |
||
| 082 |
_a248.5 _bL911W |
||
| 092 |
_a248.5 _bL911w |
||
| 100 | 1 |
_aLovett, C. S. _q(Cummings Samuel) _d 1917- |
|
| 245 | 1 | 0 |
_aWitnessing made easy / _cby C. S. Lovett ; illustrated by Marjorie Lovett. |
| 260 |
_aBaldwin Park, Ca. : _bPersonal Christianity, _cc1964. |
||
| 300 |
_a95 p. : _bill. ; _c20 cm. |
||
| 650 | 0 | _aWitness bearing (Christianity) | |
| 942 |
_2ddc _cBK |
||